| 000 | 00731nam a22002415a 4500 | ||
|---|---|---|---|
| 001 | vtls000055376 | ||
| 003 | ES-BaIT | ||
| 005 | 20211007160331.0 | ||
| 007 | t| | ||
| 008 | 131008| ||||||||| 00| |spa|d | ||
| 010 | _a55376 | ||
| 035 |
_a0055-37660 _9 ES-BaIT035 |
||
| 039 | 9 |
_a201403080128 _bVLOAD _c201310110031 _dVLOAD _c201310101648 _dVLOAD _c201310082249 _dVLOAD _y201110052348 _zVLOAD |
|
| 040 | 0 | 0 |
_aSEDO _bcat |
| 245 | 0 | 3 | _aEl Crimen fue en Granada |
| 260 | _a[s.a.] | ||
| 300 | _cfol cm | ||
| 593 |
_a0100 _b5882-N |
||
| 856 | 4 | 2 |
_3Fitxa del catàleg manual _uhttp://www.cdmae.cat/sedo/imgtitulos/018/P0000163.gif |
| 940 | _aIT | ||
| 949 |
_AVIRTUAITEM _D10000 _G10000 _X1 _61990265772 _a5882-N |
||
| 999 |
_c47997 _d47997 |
||